| 000 | 005120000a22001690004500 | ||
|---|---|---|---|
| 003 | MACL | ||
| 005 | 20160221124954.0 | ||
| 008 | 160221b xxu||||| |||| 00| 0 eng d | ||
| 040 |
_aMACL _cMACL |
||
| 041 | _aHindi | ||
| 082 | _a340 | ||
| 100 |
_aबेरी भगवती प्रसाद _939418 |
||
| 245 | _aनिर्णय लेखन | ||
| 260 |
_bविधि साहित्य प्रकाशन _c1979 _aराजस्थान |
||
| 650 |
_aLaw _939419 |
||
| 942 |
_cHIN _k340 _2ddc |
||
| 999 |
_c27365 _d27365 |
||